All Mario games - Statistics

General Stats
  • This quiz has been taken 75 times
    13 since last reset
  • The average score is 76 of 343
Answer Stats
Answer % Correct
Super Mario Bros
89%
Mario Party
78%
Super Mario Bros 2
78%
Super Mario Bros 3
78%
Luigi's Mansion
67%
Luigi's Mansion Dark Moon
67%
Mario Bros
67%
Mario Golf
67%
Mario Party 3
67%
Mario Party 4
67%
Mario Party 6
67%
Mario Tennis
67%
Paper Mario
67%
Super Mario 64
67%
Super Mario Galaxy
67%
Super Mario Galaxy 2
67%
Super Mario Kart
67%
Super Mario Odyssey
67%
Super Mario Party
67%
Super Mario Sunshine
67%
Super Mario World
67%
Donkey Kong
56%
Donkey Kong 2
56%
Donkey Kong 3
56%
Luigi's Mansion 3
56%
Mario Kart 64
56%
Mario Kart 7
56%
Mario Kart 8
56%
Mario Kart 8 Deluxe
56%
Mario Kart Double Dash
56%
Mario Kart DS
56%
Mario Kart Super Circuit
56%
Mario Kart Wii
56%
Mario Kart World
56%
Mario Party 10
56%
Mario Party 2
56%
Mario Party 5
56%
Mario Party 7
56%
Mario Party 8
56%
Mario Party 9
56%
New Super Mario Bros
56%
New Super Mario Bros 2
56%
New Super Mario Bros U
56%
New Super Mario Bros Wii
56%
Paper Mario Color Splash
56%
Paper Mario The Origami King
56%
Paper Mario The Thousand Year Door
56%
Super Mario 3D Land
56%
Super Mario 3D World
56%
Super Mario All Stars
56%
Super Mario Bros The Lost Levels
56%
Super Mario Bros Wonder
56%
Super Mario Land
56%
Super Mario Land 2 6 Golden Coins
56%
Super Mario Party Jamboree
56%
Super Paper Mario
56%
Wrecking Crew
56%
Dr Mario
44%
Mario And Luigi Partners In Time
44%
Mario Paint
44%
Mario Party The Top 100
44%
New Super Luigi U
44%
New Super Mario Bros U Deluxe
44%
Paper Mario Sticker Star
44%
Super Mario 3D All Stars
44%
Super Mario Advance
44%
Super Mario Advance 4 Super Mario Bros 3
44%
Super Mario Maker
44%
Super Mario Maker 2
44%
Super Mario RPG Legend Of The Seven Stars
44%
Super Mario World 2 Yoshi's Island
44%
Super Mario World Super Mario Advance 2
44%
Super Smash Bros
44%
Super Smash Bros Brawl
44%
Super Smash Bros For Nintendo 3DS
44%
Super Smash Bros For Nintendo Wii U
44%
Super Smash Bros Melee
44%
Super Smash Bros Ultimate
44%
Yoshi
44%
Yoshi's Crafted World
44%
Yoshi's Island Super Mario Advance 3
44%
Yoshi's New Island
44%
Yoshi's Story
44%
Yoshi's Wooly World
44%
Donkey Kong Country
33%
Donkey Kong Country 2 Diddy's Kong Quest
33%
Donkey Kong Country 2 GBA
33%
Donkey Kong Country 3 Dixie Kong's Double Trouble
33%
Donkey Kong Country 3 GBA
33%
Donkey Kong Country Tropical Freeze
33%
Donkey Kong JR
33%
Hotel Mario
33%
Mario And Luigi Bowser's Inside Story
33%
Mario And Luigi Brothership
33%
Mario And Luigi Paper Jam
33%
Mario And Luigi Superstar Saga
33%
Mario Is Missing
33%
Mario Kart Tour
33%
Mario Party Advance
33%
Mario Party DS
33%
Mario Party Island Tour
33%
Mario Party Superstars
33%
Mario Sports Mix
33%
Mario Super Sluggers
33%
Mario Tennis Aces
33%
Super Mario 3D World+Bowser's Fury
33%
Super Mario 64 DS
33%
Super Mario Run
33%
Super Mario Strikers
33%
Super Princess Peach
33%
WarioLand 3
33%
WarioLand 4
33%
WarioLand Super Mario Land 3
33%
Wario's Woods
33%
WarioWare Inc Mega Microgames
33%
WarioWare Move It
33%
WarioWorld
33%
Yoshi And The Mysterious Book
33%
Yoshi's Cookie
33%
Yoshi's Island DS
33%
Captain Toad Treasure Tracker
22%
Diddy Kong Racing
22%
Donkey Kong 64
22%
Donkey Kong Bananza
22%
Donkey Kong Barrel Blast
22%
Donkey Kong Country Returns
22%
Donkey Kong JR Math
22%
Donkey Kong Jungle Beat
22%
Donkey Kong Land
22%
Donkey Kong Land 2
22%
Donkey Kong Land 3
22%
Dr Luigi
22%
Dr Mario 64
22%
Game And Wario
22%
Luigi's Mansion 2 HD
22%
Mario And Luigi Bowser's Inside Story+Bowser Jr's Journey
22%
Mario And Luigi Dream Team
22%
Mario And Luigi Superstar Saga+Bowser's Minions
22%
Mario And Sonic At The Olympic Games
22%
Mario And Wario
22%
Mario Golf ToadsTool Tour
22%
Mario Hoops 3 On 3
22%
Mario Kart Arcade GP
22%
Mario Party Star Rush
22%
Mario+Rabbids Kingdom Battle
22%
Mario+Rabbids Sparks Of Hope
22%
Mario's Bombs Away
22%
Mario's Cement Factory
22%
Mario's Picross
22%
Mario's Time Machine
22%
Mario Teaches Typing
22%
Mario Tennis Fever
22%
Mario Tennis Ultra Smash
22%
Mario Vs Donkey Kong
22%
Nes Open Tournament Golf
22%
Paper Mario The Thousand Year Door Remake
22%
Pinball
22%
Princess Peach Showtime
22%
Super Mario Bros Deluxe
22%
Super Mario Bros Wonder + Meetup In Bellabel Park
22%
Super Mario Maker For Nintendo 3DS
22%
Super Mario RPG Remake
22%
WarioLand 2
22%
WarioWare Get It Together
22%
WarioWare Gold
22%
WarioWare Smooth Moves
22%
WarioWare Touched
22%
WarioWare Twisted
22%
Yoshi's Safari
22%
Yoshi Touch And Go
22%
All Night Nippon Super Mario Bros
11%
Dance Dance Revolution Mario Mix
11%
Diddy Kong Racing DS
11%
Donkey Konga
11%
Donkey Konga 2
11%
Donkey Konga 3
11%
Donkey Kong Circus
11%
Donkey Kong Country Returns 3D
11%
Donkey Kong Country Returns HD
11%
Donkey Kong Hockey
11%
Dr Mario Miracle Cure
11%
Dr Mario Online RX
11%
Excitebike Bun Bun Mario Battle Stadium
11%
Game And Watch Gallery
11%
Game And Watch Gallery 2
11%
Game And Watch Gallery 3
11%
Game And Watch Gallery 4
11%
Game And Watch Super Mario
11%
Mario And Sonic At The London 2012 Olympic Games
11%
Mario And Sonic At The Olympic Games Tokyo 2020
11%
Mario And Sonic At The Olympic Winter Games
11%
Mario And Sonic At The Rio 2016 Olympic Games
11%
Mario And Sonic At The Sochi 2014 Olympic Winter Games
11%
Mario Clash
11%
Mario Golf Advance Tour
11%
Mario Golf Super Rush
11%
Mario Golf World Tour
11%
Mario Kart Arcade GP 2
11%
Mario Kart Live Home Circuit
11%
Mario Pinball Land
11%
Mario Power Tennis
11%
Mario's Early Years Fun With Letters
11%
Mario's Early Years Fun With Numbers
11%
Mario's Early Years Pre-School Fun
11%
Mario Sports Superstars
11%
Mario Strikers Battle League
11%
Mario Strikers Charged
11%
Mario Superstar Baseball
11%
Mario The Juggler
11%
Mario Vs Donkey Kong 2 March Of The Minis
11%
Mario Vs Donkey Kong Tipping Stars
11%
NES Remix 2
11%
NES Remix Pack
11%
Poochy And Yoshi's Wooly World
11%
Puzzle And Dragons Super Mario Bros Edition
11%
Super Mario All Stars+Super Mario World
11%
Super Mario Bros 35
11%
Super Mario Bros Special
11%
Tetris 99
11%
Tetris DS
11%
Ultimate NES Remix
11%
WarioLand Shake It
11%
Wario Master Of Disguise
11%
WarioWare D.I.Y
11%
WarioWare D.I.Y Showcase
11%
WarioWare Snapped
11%
Wrecking Crew 98
11%
Alleyway
0%
Baseball
0%
Bird And Beans
0%
Bs Super Mario Collection
0%
Bs Super Mario USA
0%
Mario Party Kurukuru Carnival
0%
DK Jungle Climber
0%
DK King Of Swing
0%
Donkey Kong 3: Dai Gyakushū
0%
Donkey Kong 94
0%
Donkey Kong Banana Kingdom
0%
Donkey Kong Classics
0%
Donkey Kong Country Gameboy Color
0%
Donkey Kong Country GBA
0%
Donkey Kong-e
0%
Donkey Kong JR-e
0%
Donkey Kong Jr. + Jr. Sansū Lesson
0%
Donkey Kong Jungle Fever
0%
Dr Mario And Puzzle League
0%
Dr Mario Express
0%
Dr Mario World
0%
F1 Race
0%
Famicom Grand Prix 2 3D Hot Rally
0%
Famicom Grand Prix F1 Race
0%
Famicom Mini Mario Bros
0%
Famicom Mini Super Mario Bros
0%
Fortune Street
0%
Golf
0%
Golf Japan Course
0%
Golf U.S Course
0%
Hello Mario
0%
Hello Yoshi
0%
I Am A Teacher Super Mario Sweater
0%
Itadaki Street
0%
Itadaki Street DS
0%
Kaettekita Mario Bros.
0%
Luigi's Hammer Toss
0%
Luigi's Mansion Arcade
0%
Mario And Donkey Kong Minis On The Move
0%
Mario And Sonic At The Olympic Games Tokyo 2020 Arcade Edition
0%
Mario And Sonic At The Rio 2016 Olympic Games Arcade Edition
0%
Mario Artist Communication Kit
0%
Mario Artist Paint Studio
0%
Mario Artist Polygon Studio
0%
Mario Artist Tallent Studio
0%
Mario Bros-e
0%
Mario Bros Special
0%
Mario Bros VB
0%
Mario Calculator
0%
Mario Clock
0%
Mario Excitebike
0%
Mario Family
0%
Mario Golf GB
0%
Mario Kart Arcade GP DX
0%
Mario Kart Arcade GP Vr
0%
Mario No Photopi
0%
Mario Party Challenge World
0%
Mario Party-e
0%
Mario Party Fushigi no Korokoro Catcher
0%
Mario Party Fushigi no Korokoro Catcher 2
0%
Mario Roulette
0%
Mario's Egg Catch
0%
Mario's FUNdamentals
0%
Mario's Game Gallery
0%
Mario's Super Picross
0%
Mario's tennis
0%
Mario's Time Machine Deluxe
0%
Mario Teaches Typing 2
0%
Mario Tennis Open
0%
Mario Undokai
0%
Mario Vs Donkey Kong Mini Land Mayhem
0%
Mario Vs Donkey Kong Minis March Again
0%
Mario Vs Donkey Kong Remake
0%
Mini Mario And Friends Amiibo Challenge
0%
Mobile Golf
0%
NES Classics Donkey Kong
0%
NES Classics Dr Mario
0%
NES Classics Super Mario Bros
0%
New Play Control Donkey Kong Barrel Blast
0%
New Play Control Mario Power Tennis
0%
New Super Mario Bros Wii Coin World
0%
Nintendo Puzzle Collection
0%
Nintendo World Championships NES Edition
0%
Paper Airplane Chase
0%
Picross 2
0%
Princess ToadsTool's Castle Run
0%
Punch Ball Mario Bros
0%
Qix
0%
Qix 2
0%
Skylanders SuperChargers
0%
Stella-Q
0%
Super Mario 64 2
0%
Super Mario All Stars Limited Edition
0%
Super Mario Attack
0%
Super Mario Bros 2 JP
0%
Super Mario Bros And Friends When I Grow Up
0%
Super Mario Bros. Print World
0%
Super Mario Fushigi no Janjan Land
0%
Super Mario Galaxy+Super Mario Galaxy 2
0%
Super Mario Party Jamboree TV
0%
Super Mario Race
0%
Super Mario Spikers
0%
Super Mario's Wacky Worlds
0%
Tetris And Dr Mario
0%
Tetris Attack
0%
UNDAKE30 Same Game Daisakusen Mario Version
0%
VB Mario Kart
0%
Virtual Boy Super Mario Land
0%
Virtual Boy WarioLand
0%
Vs Super Mario Bros
0%
Vs Wrecking Crew
0%
WarioBlast Featuring Bomberman
0%
WarioWare Inc Mega Party Games
0%
Yakuman DS
0%
Yoshi no Cookie: Kuruppon Oven de Cookie
0%
Yoshi's Universal Gravitation
0%
No matching quizzes found
Score Distribution
Percent of People with Each Score
Percentile by Number Answered
Your Score History
You have not taken this quiz since the last reset